Les meilleurs buteurs de l'histoire de l'AJ Auxerre - Statistiques

Statistiques générales
  • Ce quiz a été pris 44 fois
  • Le résultat moyen est 4 sur 10
Statistiques - réponses
Buts Nationalité Joueur % Correct
90 France Djibril Cissé
97%
99 Pologne Andrzej Szarmach
50%
55 France Lilian Laslandes
47%
59 Pologne Ireneusz Jeleń
44%
72 France Christophe Cocard
41%
69 France Pascal Vahirua
38%
80 France Stéphane Guivarc'h
38%
53 France Jean-Marc Ferreri
24%
47 France Gérald Baticle
21%
61 France Patrice Garande
15%
Aucun quiz correspondant
Distribution des résultats
% des personnes avec chaque résultat
Percentile par nombre de réponses
Votre historique - résultats
Vous n’avez pas pris ce quiz